000 00661nam a2200241Ia 4500
003 OSt
005 20220924122453.0
006 a|||||r|||| 00| 0
007 ta
008 220923b |||||||| |||| 00| 0 san d
024 _a6693
037 _cTextual
040 _aARTS
_cARTS
_bsan
041 _2san
_asan
082 _a2;14:8, M1 (2D)
100 _aClinton Alan.
_944971
245 0 _aPrinted emphemera
_b Collec5tion organisation and access
260 _aLondon
_bClive Bingley
_c1981
300 _a125p
_ccm.
650 _aLIBRARY SCIENCE
942 _h2;14:8, M1 (2D)
_cTEXL
_2CC
999 _c411758
_d411758